Sanat - "Hyvän joulun toivotus" - Statistics

Yleistilastot
  • Tätä visaa on pelattu 17 kertaa
  • Keskiarvotulos 30 / 44
Vastaustilastot
Vastaus % Oikein
hyvän
100%
hyvän
100%
hyvän
100%
hyvän
100%
joulu
100%
joulun
100%
joulun
100%
joulun
100%
Taas
100%
taas
100%
taas
100%
taas
100%
toivotus
100%
toivotus
100%
toivotus
100%
tuo
88%
näin
81%
joulurauhan
75%
nyt
63%
Nyt
63%
nyt
63%
nyt
63%
on
56%
kynttilät
50%
kynttilät
50%
kynttilät
50%
loistaa
50%
loistaa
50%
loistaa
50%
pienet
50%
pienet
50%
pienet
50%
Se
50%
se
50%
se
50%
tullut
50%
juhlamielen
31%
juhlamielen
31%
juhlamielen
31%
kaikille
31%
kaikille
31%
kaikille
31%
luo
31%
tahdon
31%
Ehtoja vastaavia visoja ei löytynyt
Tulosjakauma
Jokaisen tuloksen saaneiden osuus
Persentiili vastausten määrän mukaan
Tuloshistoriasi
Et ole pelannut tätä visaa